[Event "Nord West Cup 3rd"]
[Site "Oldenburg"]
[Date "2001.02.04"]
[Round "6"]
[White "Carstens, Manfred"]
[Black "Schwager, Timm"]
[Result "1-0"]
[WhiteElo "1689"]
[BlackElo "1365"]
[PlyCount "85"]
[EventDate "2001.02.01"]
[EventType "swiss"]
[EventRounds "7"]
[EventCountry "GER"]
[SourceTitle "EXT 2010"]
[Source "ChessBase"]
[SourceDate "2010.11.25"]
[SourceVersion "1"]
[SourceVersionDate "2010.11.25"]
[SourceQuality "1"]

1. Nf3 d6 2. d4 Nf6 3. c4 Bf5 4. Nc3 e6 5. e3 Nbd7 6. a3 c5 7. b4 b6 8. Bd3 Bxd3 9. Qxd3 Qc7 10. Bb2 Rc8 11. Nb5 Qb7 12. 0-0 d5 13. Rfc1 a6 14. Nc3 Ne4 15. Nd2 Nxd2 16. Qxd2 dxc4 17. b5 Nf6 18. a4 Be7 19. bxa6 Qxa6 20. Nb5 0-0 21. Rxc4 Rfd8 22. Qc2 Nd5 23. e4 Nb4 24. Qb3 Bf6 25. e5 Be7 26. f4 Rd5 27. Rac1 Rc6 28. Rxb4 Qb7 29. Rbc4 f6 30. dxc5 Bxc5+ 31. Kf1 Rd2 32. Bd4 Rd6 33. Qf3 Qxf3+ 34. gxf3 R6xd4 35. Rxd4 Rxd4 36. Nxd4 Bxd4 37. exf6 gxf6 38. Rc4 Be3 39. Ke2 Bg1 40. h3 Kf7 41. Rc7+ Kg6 42. Rc1 Bc5 43. Rxc5 1-0

[Event "Nord West Cup 3rd"]
[Site "Oldenburg"]
[Date "2001.02.04"]
[Round "7"]
[White "Schwager, Timm"]
[Black "Von Minden, Horst"]
[Result "0-1"]
[WhiteElo "1365"]
[BlackElo "1632"]
[PlyCount "70"]
[EventDate "2001.02.01"]
[EventType "swiss"]
[EventRounds "7"]
[EventCountry "GER"]
[SourceTitle "EXT 2010"]
[Source "ChessBase"]
[SourceDate "2010.11.25"]
[SourceVersion "1"]
[SourceVersionDate "2010.11.25"]
[SourceQuality "1"]

1. e4 c5 2. Nf3 Nc6 3. d4 cxd4 4. Nxd4 Ne5 5. Bf4 Ng6 6. Bg3 e5 7. Nf3 Nf6 8. Nbd2 d6 9. Bc4 Be7 10. c3 0-0 11. 0-0 Bg4 12. Qb3 Bxf3 13. Nxf3 Nxe4 14. Rad1 Nc5 15. Qc2 Qc7 16. b4 Nd7 17. Qb3 Rac8 18. Bb5 Nf6 19. Rc1 a6 20. Bd3 e4 21. Bb1 exf3 22. Bxg6 hxg6 23. gxf3 Qc6 24. c4 Nh5 25. Kg2 Bg5 26. Rc3 Nf4+ 27. Bxf4 Bxf4 28. Kh1 d5 29. c5 d4 30. Rd3 Qf6 31. Rg1 Rce8 32. Rdd1 Re2 33. Rg2 Rfe8 34. Rdg1 Re1 35. Qd3 Rxg1+ 0-1

[Event "Nord West Cup 3rd"]
[Site "Oldenburg"]
[Date "2001.02.02"]
[Round "2"]
[White "Glatzel, Hans Joachim"]
[Black "Schwager, Timm"]
[Result "0-1"]
[WhiteElo "1726"]
[BlackElo "1365"]
[PlyCount "58"]
[EventDate "2001.02.01"]
[EventType "swiss"]
[EventRounds "7"]
[EventCountry "GER"]
[SourceTitle "EXT 2010"]
[Source "ChessBase"]
[SourceDate "2010.11.25"]
[SourceVersion "1"]
[SourceVersionDate "2010.11.25"]
[SourceQuality "1"]

1. Nf3 d5 2. d4 Bf5 3. c4 e6 4. Nc3 Bb4 5. Qa4+ Nc6 6. Ne5 Nge7 7. cxd5 Qxd5 8. e3 0-0 9. Nxc6 Nxc6 10. Bd2 Bxc3 11. bxc3 Rad8 12. c4 Qe4 13. f3 Qh4+ 14. g3 Qf6 15. Rc1 a6 16. Bc3 Bg4 17. Bg2 Bxf3 18. 0-0 Qg5 19. Bxf3 Qxe3+ 20. Kg2 Nxd4 21. Bxd4 Rxd4 22. Rcd1 b5 23. Rxd4 bxa4 24. Rfd1 g6 25. c5 Qa3 26. R1d2 Qxc5 27. Rxa4 Qb5 28. Rad4 c5 29. a4 Qa5 0-1